Zákon zo 6. decembra 2006, ...
Zákon zo 6. decembra 2006, ktorým sa mení a dopĺňa zákon č. 222/2004 Z.z. o dani z pridanej hodnoty v znení neskorších predpisov. Zákon nadobúda účinnosť 1.1.2007. Za zákonom nasleduje dôvodová správa k tomuto zákonu
Salvato in:
| Natura: | Capitolo di libro |
|---|---|
| Lingua: | slovacco |
| Soggetti: | |
| Tags: |
Nessun Tag, puoi essere il primo ad aggiungerne!!
|
MARC
| LEADER | 00000naa$a2200000$$$4500 | ||
|---|---|---|---|
| 001 | 0051589 | ||
| 005 | 20231106072432.1 | ||
| 041 | 0 | |a slo | |
| 044 | |a SK | ||
| 245 | 1 | 0 | |a Zákon zo 6. decembra 2006, ... |
| 520 | |a Zákon zo 6. decembra 2006, ktorým sa mení a dopĺňa zákon č. 222/2004 Z.z. o dani z pridanej hodnoty v znení neskorších predpisov. Zákon nadobúda účinnosť 1.1.2007. Za zákonom nasleduje dôvodová správa k tomuto zákonu | ||
| 610 | 2 | 0 | |a dane z hodnoty pridanej |
| 610 | 2 | 0 | |a zákony |
| 610 | 2 | 0 | |a Slovensko |
| 610 | 2 | 0 | |a 2004-2006 |
| 610 | 2 | 0 | |a správy dôvodové |